000
00315nam a22001337a 4500
008
181025b xxu||||| |||| 00| 0 eng d
020
_a
9780132301428
041
_a
eng
080
_2
3rd
_a
339.138
100
_a
60
101
_a
MAR
245
_a
A Framework for Marketing Management
_c
Kotler,Ph
942
_2
udc
_c
BK
999
_c
50900
_d
50900